[Event "Vienna Ottakring 100 Years"]
[Site "Vienna"]
[Date "2023.08.27"]
[Round "2"]
[White "Baumegger, Siegfried"]
[Black "Scheffknecht, Philipp"]
[Result "1-0"]
[WhiteElo "2415"]
[BlackElo "2108"]
[PlyCount "45"]
[EventDate "2023.08.26"]
[EventType "swiss"]
[EventRounds "9"]
[EventCountry "AUT"]
[SourceTitle "EXT 2024"]
[Source "ChessBase"]
[SourceDate "2023.10.10"]
[SourceVersion "1"]
[SourceVersionDate "2023.10.10"]
[SourceQuality "1"]

1. Nf3 d5 2. d4 Nf6 3. c4 e6 4. Nc3 c6 5. e3 Be7 6. Bd3 dxc4 7. Bxc4 0-0 8. 0-0 b5 9. Bd3 b4 10. Ne4 Ba6 11. Nxf6+ Bxf6 12. a3 Bxd3 13. Qxd3 c5 14. Qe4 Nd7 15. axb4 cxb4 16. Bd2 a5 17. Rfc1 Be7 18. Qb7 Rb8 19. Qa6 Ra8 20. Qb5 Bd6 21. e4 Re8 22. Rc6 Nb8 23. Rxd6 1-0

[Event "Bodensee op"]
[Site "Bregenz"]
[Date "2023.05.16"]
[Round "4"]
[White "Legde, Georg"]
[Black "Scheffknecht, Philipp"]
[Result "1-0"]
[WhiteElo "2344"]
[BlackElo "2105"]
[PlyCount "79"]
[EventDate "2023.05.13"]
[EventType "swiss"]
[EventRounds "9"]
[EventCountry "AUT"]
[SourceTitle "CBM 215 Extra"]
[Source "ChessBase"]
[SourceDate "2023.09.30"]
[SourceVersion "1"]
[SourceVersionDate "2023.09.30"]
[SourceQuality "1"]

1. Nf3 Nf6 2. c4 g6 3. Nc3 Bg7 4. e4 d6 5. d4 0-0 6. Be2 e5 7. dxe5 dxe5 8. Qxd8 Rxd8 9. Bg5 Re8 10. Nd5 Nxd5 11. cxd5 c6 12. 0-0 Nd7 13. dxc6 bxc6 14. Rac1 Rb8 15. b3 Bb7 16. Rfd1 Nf8 17. Be3 Ne6 18. Bc4 Rbd8 19. Bxe6 fxe6 20. Bc5 Ba6 21. Bxa7 Bd3 22. Bb6 Rb8 23. Rxd3 Rxb6 24. Rd6 Ra8 25. g3 Rxa2 26. Rcxc6 Rxb3 27. Rc8+ Kf7 28. Rd7+ Kf6 29. Rcc7 Rxf3 30. Rf7+ Kg5 31. Rxf3 Bh6 32. Rxh7 Kg4 33. Kg2 Bd2 34. h3+ Kg5 35. h4+ Kg4 36. Rf6 Bg5 37. Rxg6 Rxf2+ 38. Kxf2 Kh3 39. hxg5+ Kg4 40. Rh4# 1-0

[Event "AUT-chT2O 2223"]
[Site "Austria"]
[Date "2023.04.23"]
[Round "11.6"]
[White "Herman, Diego"]
[Black "Scheffknecht, Philipp"]
[Result "1-0"]
[WhiteElo "2185"]
[BlackElo "2108"]
[PlyCount "77"]
[EventDate "2022.10.15"]
[EventType "team-tourn"]
[EventRounds "11"]
[EventCountry "AUT"]
[SourceTitle "EXT 2024"]
[Source "ChessBase"]
[SourceDate "2023.10.10"]
[SourceVersion "1"]
[SourceVersionDate "2023.10.10"]
[SourceQuality "1"]
[WhiteTeam "Wien Austria"]
[BlackTeam "Ottakring"]
[WhiteTeamCountry "AUT"]
[BlackTeamCountry "AUT"]

1. Nc3 Nf6 2. Nf3 d5 3. b3 g6 4. e3 Bg7 5. Bb2 Bg4 6. h3 Bxf3 7. Qxf3 e5 8. g4 c6 9. e4 dxe4 10. Nxe4 Nxe4 11. Qxe4 Qd5 12. Qxd5 cxd5 13. Bg2 Na6 14. Bxd5 0-0-0 15. Bxf7 Rhf8 16. Be6+ Kb8 17. 0-0-0 Nc7 18. Bc4 b5 19. Bd3 Rxd3 20. cxd3 Nd5 21. Rde1 Nb4 22. Re3 Rd8 23. Rhe1 Nxd3+ 24. Rxd3 Rxd3 25. Re3 Rxe3 26. dxe3 Kc7 27. f4 Kd6 28. Kd2 Kd5 29. Bxe5 Bxe5 30. fxe5 Kxe5 31. Kd3 h5 32. gxh5 gxh5 33. h4 b4 34. e4 a6 35. Ke3 a5 36. Kf3 Kd4 37. Kf4 Kc3 38. e5 Kb2 39. e6 1-0

[Event "AUT-chT 2223"]
[Site "Austria"]
[Date "2023.04.13"]
[Round "9.6"]
[White "Scheffknecht, Philipp"]
[Black "Matt, Fabian"]
[Result "0-1"]
[WhiteElo "2122"]
[BlackElo "2308"]
[PlyCount "126"]
[EventDate "2022.11.03"]
[EventType "team-tourn"]
[EventRounds "11"]
[EventCountry "AUT"]
[SourceTitle "EXT 2024"]
[Source "ChessBase"]
[SourceDate "2023.10.10"]
[SourceVersion "1"]
[SourceVersionDate "2023.10.10"]
[SourceQuality "1"]
[WhiteTeam "Ottakring"]
[BlackTeam "Hohenems"]
[WhiteTeamCountry "AUT"]
[BlackTeamCountry "AUT"]

1. Nf3 d5 2. g3 Nf6 3. Bg2 Nbd7 4. d4 Nb6 5. Nbd2 c6 6. 0-0 Bf5 7. Nh4 Bg4 8. h3 Bd7 9. Nhf3 h5 10. h4 Bf5 11. Ne5 Ne4 12. Nxe4 dxe4 13. b3 e6 14. c3 f6 15. Nc4 Nd5 16. Bd2 Qc7 17. a4 0-0-0 18. Qc1 g5 19. hxg5 h4 20. Bf4 Nxf4 21. Qxf4 h3 22. Bxe4 Qxf4 23. gxf4 Bxe4 24. f3 Bg6 25. gxf6 Rg8 26. Kf2 Bh6 27. Rh1 Bxf4 28. Rxh3 Rdf8 29. Rg1 Rxf6 30. Ne5 Bxe5 31. dxe5 Rff8 32. Rh6 Bc2 33. Rxg8 Rxg8 34. b4 Re8 35. a5 Ba4 36. Rh7 Rd8 37. Re7 Bb3 38. a6 Rd7 39. axb7+ Rxb7 40. Re8+ Kc7 41. e4 Kb6 42. Rd8 c5 43. Ke3 cxb4 44. cxb4 Kb5 45. Rd4 Bc4 46. f4 Rf7 47. f5 exf5 48. exf5 Rxf5 49. Rd7 a6 50. Ke4 Rf1 51. Rb7+ Ka4 52. Kd4 Bb5 53. e6 Kxb4 54. Rf7 Rd1+ 55. Ke3 Re1+ 56. Kd2 Rxe6 57. Kc2 a5 58. Kb2 a4 59. Rf4+ Bc4 60. Rh4 a3+ 61. Kc2 Re2+ 62. Kb1 Re1+ 63. Kc2 a2 0-1

[Event "AUT-chT2O 2223"]
[Site "Austria"]
[Date "2023.01.21"]
[Round "6.4"]
[White "Scheffknecht, Philipp"]
[Black "Mueller, Florian"]
[Result "1-0"]
[WhiteElo "2108"]
[BlackElo "1742"]
[PlyCount "41"]
[EventDate "2022.10.15"]
[EventType "team-tourn"]
[EventRounds "11"]
[EventCountry "AUT"]
[SourceTitle "CBM 213 Extra"]
[Source "ChessBase"]
[SourceDate "2023.05.31"]
[SourceVersion "1"]
[SourceVersionDate "2023.05.31"]
[SourceQuality "1"]
[WhiteTeam "Ottakring"]
[BlackTeam "Purbach/Donnerskirchen"]
[WhiteTeamCountry "AUT"]
[BlackTeamCountry "AUT"]

1. Nf3 c5 2. g3 Nc6 3. d4 cxd4 4. Nxd4 e5 5. Nxc6 bxc6 6. Bg2 Nf6 7. 0-0 d5 8. c4 Be6 9. Nc3 Rb8 10. Bg5 Rxb2 11. cxd5 cxd5 12. Bxf6 Qxf6 13. Qa4+ Bd7 14. Qxa7 d4 15. Nd5 Qd6 16. Rab1 Rc2 17. Rb6 Rc6 18. Rxc6 Bxc6 19. Rb1 Be7 20. Nxe7 Qxe7 21. Bxc6+ 1-0

[Event "AUT-ch"]
[Site "Vienna"]
[Date "2022.08.18"]
[Round "8"]
[White "Spiesberger, Gerhard"]
[Black "Scheffknecht, Philipp"]
[Result "1/2-1/2"]
[WhiteElo "1972"]
[BlackElo "2093"]
[PlyCount "130"]
[EventDate "2022.08.12"]
[EventType "swiss"]
[EventRounds "9"]
[EventCountry "AUT"]
[SourceTitle "CBM 209 Extra"]
[Source "ChessBase"]
[SourceDate "2022.09.30"]
[SourceVersion "1"]
[SourceVersionDate "2022.09.30"]
[SourceQuality "1"]

1. c4 c5 2. Nc3 Nc6 3. Nf3 e5 4. g3 f5 5. d3 Be7 6. Bg2 d6 7. a3 Nf6 8. Rb1 a5 9. b3 0-0 10. Nd5 Kh8 11. Bd2 Be6 12. Nxe7 Qxe7 13. 0-0 d5 14. cxd5 Bxd5 15. e3 Rad8 16. b4 axb4 17. axb4 cxb4 18. Qa4 b3 19. Bc3 Ra8 20. Qb5 Rfd8 21. Rfe1 Na7 22. Qb6 Nd7 23. Qa5 b5 24. Qb4 Qxb4 25. Bxb4 Nc6 26. Bd6 Kg8 27. Rec1 Rac8 28. h4 Nb6 29. Ba3 Na4 30. Bb2 Nxb2 31. Rxb2 e4 32. dxe4 fxe4 33. Nd2 Nb4 34. Rxc8 Rxc8 35. Nxb3 Nd3 36. Rb1 b4 37. Nd2 Rc1+ 38. Rxc1 Nxc1 39. Bxe4 Ba2 40. Kf1 Be6 41. Ke1 Na2 42. Nb1 h6 43. Kd2 Kf7 44. Kc2 Kf6 45. Kb2 g5 46. hxg5+ hxg5 47. f4 gxf4 48. gxf4 Kg7 49. Bc2 Kf6 50. Bb3 Bxb3 51. Kxb3 Nc1+ 52. Kc2 Ne2 53. Kd3 Nc1+ 54. Ke4 Nb3 55. Kf3 Kf5 56. e4+ Ke6 57. Ke3 Kf6 58. Nd2 Nc5 59. f5 Ke5 60. Nc4+ Kf6 61. Nb2 b3 62. Kd4 Nd7 63. Kd5 Ne5 64. Kc5 Nf7 65. Kc4 Nd6+ 1/2-1/2

[Event "AUT-ch"]
[Site "Vienna"]
[Date "2022.08.15"]
[Round "4"]
[White "Leitner, Gerald"]
[Black "Scheffknecht, Philipp"]
[Result "1/2-1/2"]
[WhiteElo "2152"]
[BlackElo "2093"]
[PlyCount "90"]
[EventDate "2022.08.12"]
[EventType "swiss"]
[EventRounds "9"]
[EventCountry "AUT"]
[SourceTitle "CBM 209 Extra"]
[Source "ChessBase"]
[SourceDate "2022.09.30"]
[SourceVersion "1"]
[SourceVersionDate "2022.09.30"]
[SourceQuality "1"]

1. d4 Nf6 2. Nf3 e6 3. c4 d5 4. Nc3 c6 5. cxd5 exd5 6. Qc2 Be7 7. Bf4 Nbd7 8. e3 0-0 9. Bd3 Re8 10. 0-0 Nf8 11. h3 Ne6 12. Bh2 g6 13. Rab1 a5 14. Rfc1 b5 15. Ne5 Bb7 16. Ne2 Rc8 17. Nf4 Nxf4 18. Bxf4 Kg7 19. Qe2 Nd7 20. Rc2 Nxe5 21. Bxe5+ f6 22. Bf4 Bd6 23. Bxd6 Qxd6 24. Rc5 f5 25. Qd2 Re7 26. b3 Rf8 27. g3 Bc8 28. Bf1 g5 29. Rbc1 Bd7 30. Qxa5 f4 31. exf4 gxf4 32. Qc3 Rf6 33. Bg2 Re2 34. Rc2 Rxc2 35. Qxc2 fxg3 36. fxg3 Qxg3 37. Rc3 Qe1+ 38. Kh2 Qh4 39. Rg3+ Rg6 40. Rxg6+ hxg6 41. Qd2 b4 42. Qxb4 Qf4+ 43. Kg1 Qe3+ 44. Kh1 Qc1+ 45. Kh2 Qf4+ 1/2-1/2

[Event "AUT-ch"]
[Site "Vienna"]
[Date "2022.08.14"]
[Round "3"]
[White "Scheffknecht, Philipp"]
[Black "Schreiner, Peter"]
[Result "0-1"]
[WhiteElo "2093"]
[BlackElo "2405"]
[PlyCount "80"]
[EventDate "2022.08.12"]
[EventType "swiss"]
[EventRounds "9"]
[EventCountry "AUT"]
[SourceTitle "CBM 209 Extra"]
[Source "ChessBase"]
[SourceDate "2022.09.30"]
[SourceVersion "1"]
[SourceVersionDate "2022.09.30"]
[SourceQuality "1"]

1. Nf3 Nf6 2. g3 d5 3. Bg2 c5 4. 0-0 g6 5. b3 Bg7 6. Bb2 0-0 7. e3 Nc6 8. d4 Ne4 9. Nbd2 Qa5 10. Nxe4 dxe4 11. Nd2 cxd4 12. exd4 Nxd4 13. Bxe4 Rd8 14. Nc4 Qc7 15. c3 Ne6 16. Qe2 Nc5 17. Rfe1 Nxe4 18. Qxe4 b5 19. Qxa8 Bb7 20. Qxd8+ Qxd8 21. Rad1 Qc7 22. Ne3 h5 23. Nd5 Bxd5 24. Rxd5 b4 25. Rd2 bxc3 26. Rc2 Qa5 27. Bc1 h4 28. gxh4 Qf5 29. Ree2 Bd4 30. Be3 e5 31. Bg5 f6 32. Bc1 Qg4+ 33. Kh1 Qxh4 34. Ba3 Qg4 35. Bb4 Qf3+ 36. Kg1 Qd3 37. Kg2 e4 38. Bd6 g5 39. Kf1 Qd1+ 40. Kg2 f5 0-1

[Event "AUT-chT2O 2122"]
[Site "Austria"]
[Date "2022.01.16"]
[Round "4.5"]
[White "Scheffknecht, Philipp"]
[Black "Vrana, Frantisek"]
[Result "0-1"]
[WhiteElo "2037"]
[BlackElo "2233"]
[PlyCount "73"]
[EventDate "2021.10.16"]
[EventType "team-tourn"]
[EventRounds "11"]
[EventCountry "AUT"]
[SourceTitle "EXT 2023"]
[Source "ChessBase"]
[SourceDate "2022.10.05"]
[SourceVersion "1"]
[SourceVersionDate "2022.10.05"]
[SourceQuality "1"]
[WhiteTeam "Krems Voest"]
[BlackTeam "Mistelbach/Altlichtenwarth"]
[WhiteTeamCountry "AUT"]
[BlackTeamCountry "AUT"]

1. d4 f5 2. c4 Nf6 3. Nc3 g6 4. g3 Bg7 5. Bg2 0-0 6. Nf3 d6 7. 0-0 c6 8. Rb1 Qc7 9. d5 a5 10. b3 Na6 11. Nd4 Bd7 12. Bb2 Nc5 13. a3 e5 14. dxe6 Nxe6 15. Nxe6 Bxe6 16. Rc1 Bh6 17. e3 Ng4 18. Nd5 Bxd5 19. cxd5 c5 20. Qd2 b5 21. h3 Nf6 22. Qd3 Qd7 23. Kh2 Bg7 24. Rc2 a4 25. Rb1 Rfb8 26. Bxf6 Bxf6 27. bxa4 Rxa4 28. e4 fxe4 29. Bxe4 Rd4 30. Qe3 Kg7 31. f3 Ra4 32. h4 Rba8 33. Rb3 c4 34. Rb4 Rxa3 35. Qf2 Ra1 36. g4 R8a3 37. Qb6 0-1

[Event "AUT-ch Blitz"]
[Site "Graz"]
[Date "2021.06.06"]
[Round "7"]
[White "Scheffknecht, Philipp"]
[Black "Ragger, Markus"]
[Result "0-1"]
[WhiteElo "2052"]
[BlackElo "2680"]
[PlyCount "67"]
[EventDate "2021.06.06"]
[EventType "swiss (blitz)"]
[EventRounds "11"]
[EventCountry "AUT"]
[SourceTitle "CBM 202 Extra"]
[Source "ChessBase"]
[SourceDate "2021.07.31"]
[SourceVersion "1"]
[SourceVersionDate "2021.07.31"]
[SourceQuality "1"]

1. d4 Nf6 2. c4 g6 3. f3 c5 4. d5 e6 5. Nc3 d6 6. e4 Bg7 7. Be3 exd5 8. cxd5 Nbd7 9. Qd2 0-0 10. Bd3 Re8 11. Nge2 Ne5 12. 0-0 Bd7 13. a4 a6 14. h3 Rb8 15. f4 Nxd3 16. Qxd3 b5 17. axb5 axb5 18. e5 Bf5 19. Qd2 dxe5 20. fxe5 Nd7 21. Rxf5 gxf5 22. Bg5 f6 23. exf6 Bxf6 24. Bf4 Ne5 25. Ng3 Nc4 26. Qc2 Be5 27. Qxf5 Rb7 28. Nh5 Rf7 29. Qg4+ Kh8 30. Bg5 Qd7 31. Ne4 Qxg4 32. hxg4 Bd4+ 33. Kh2 Ne5 34. Bf6+ 0-1

[Event "AUT-ch Vor4 Internet"]
[Site "Playchess.com INT"]
[Date "2020.04.25"]
[Round "3"]
[White "Poetz, Florian"]
[Black "Scheffknecht, Philipp"]
[Result "1-0"]
[WhiteElo "2422"]
[BlackElo "2087"]
[PlyCount "119"]
[EventDate "2020.04.25"]
[EventType "swiss (blitz)"]
[EventRounds "9"]
[EventCountry "AUT"]
[SourceTitle "EXT 2021"]
[Source "ChessBase"]
[SourceDate "2020.10.23"]
[SourceVersion "1"]
[SourceVersionDate "2020.10.23"]
[SourceQuality "1"]

1. e4 d6 2. d4 Nf6 3. Nc3 g6 4. f4 Bg7 5. Nf3 0-0 6. Bd3 Nc6 7. e5 dxe5 8. fxe5 Nh5 9. Ne2 Bg4 10. Be4 f5 11. Bxc6 bxc6 12. 0-0 f4 13. h3 Bxf3 14. Rxf3 g5 15. Rc3 c5 16. Rxc5 f3 17. gxf3 Rxf3 18. Bxg5 Qd7 19. Nf4 Rg3+ 20. Kf2 Rxg5 21. Nxh5 Qf5+ 22. Qf3 Rxh5 23. Rxc7 Rf8 24. Qxf5 Rfxf5+ 25. Ke3 e6 26. Ke4 Rh4+ 27. Kd3 Rxh3+ 28. Kc4 Rf4 29. Rg1 Rf7 30. Rc8+ Rf8 31. Rc7 Rf7 32. Rc8+ Rf8 33. Rc6 Re8 34. c3 Kf8 35. Rf1+ Ke7 36. Rc7+ Kd8 37. Rxg7 Rh2 38. b4 Re7 39. Rf8+ Kd7 40. Rxe7+ Kxe7 41. Ra8 Rxa2 42. Rb8 h5 43. Rb7+ Kd8 44. Rh7 h4 45. Rxh4 Kd7 46. Rh7+ Kc8 47. Re7 Ra6 48. b5 Ra4+ 49. Kc5 Kd8 50. Rxe6 Kd7 51. Rd6+ Kc7 52. Rh6 Ra3 53. Rh7+ Kb8 54. c4 Rc3 55. e6 Re3 56. d5 Ka8 57. Kc6 Rxe6+ 58. dxe6 a5 59. Kb6 a4 60. Rh8# 1-0

[Event "AUT-ch Vor4 Internet"]
[Site "Playchess.com INT"]
[Date "2020.04.25"]
[Round "9"]
[White "Schroettner, Martin"]
[Black "Scheffknecht, Philipp"]
[Result "0-1"]
[WhiteElo "1934"]
[BlackElo "2087"]
[PlyCount "144"]
[EventDate "2020.04.25"]
[EventType "swiss (blitz)"]
[EventRounds "9"]
[EventCountry "AUT"]
[SourceTitle "EXT 2021"]
[Source "ChessBase"]
[SourceDate "2020.10.23"]
[SourceVersion "1"]
[SourceVersionDate "2020.10.23"]
[SourceQuality "1"]

1. Nf3 Nc6 2. d4 d5 3. Bf4 Bg4 4. e3 Nf6 5. Be2 e6 6. 0-0 Be7 7. Nbd2 0-0 8. c4 dxc4 9. Nxc4 Nd5 10. Bg3 Nb6 11. Nce5 Nxe5 12. Nxe5 Bxe2 13. Qxe2 c5 14. dxc5 Bxc5 15. Rfd1 Qe7 16. a3 a5 17. Rac1 Rfd8 18. Qb5 Rxd1+ 19. Rxd1 Nd5 20. Nd7 b6 21. e4 Nf6 22. Nxc5 Qxc5 23. Qxc5 bxc5 24. Bd6 Nxe4 25. Be5 f6 26. Bc7 Ra7 27. Bb6 Ra6 28. Rd8+ Kf7 29. Rb8 Kg6 30. f3 Nd6 31. Bxc5 Nc4 32. b4 Nxa3 33. bxa5 Rxa5 34. Bf8 Ra7 35. Bd6 Nc4 36. Bc5 Rc7 37. Bf2 e5 38. g3 Nd2 39. Kg2 Rc3 40. f4 Ne4 41. fxe5 Rc2 42. exf6 Rxf2+ 43. Kh3 Rxf6 44. Rb4 Nd6 45. Rg4+ Kf7 46. Ra4 h5 47. Ra5 Kg6 48. Ra7 Re6 49. Ra5 Ne4 50. Kg2 Ng5 51. Ra2 Ne4 52. Ra5 Ng5 53. Ra2 Kf5 54. Ra5+ Re5 55. Ra2 g6 56. Rf2+ Ke6 57. Ra2 Rd5 58. Ra6+ Rd6 59. Ra2 Ne4 60. Re2 Kf5 61. h3 Rd3 62. g4+ hxg4 63. hxg4+ Kf4 64. Kh2 Re3 65. Rg2 Ng5 66. Kg1 Nf3+ 67. Kf2 Nh4 68. Rh2 g5 69. Kf1 Ra3 70. Rb2 Kxg4 71. Rb4+ Kf3 72. Rb5 Ra1+ 0-1

[Event "AUT-ch Vor4 Internet"]
[Site "Playchess.com INT"]
[Date "2020.04.25"]
[Round "6"]
[White "Wohlfahrt, Herbert J"]
[Black "Scheffknecht, Philipp"]
[Result "1-0"]
[WhiteElo "2285"]
[BlackElo "2087"]
[PlyCount "103"]
[EventDate "2020.04.25"]
[EventType "swiss (blitz)"]
[EventRounds "9"]
[EventCountry "AUT"]
[SourceTitle "EXT 2021"]
[Source "ChessBase"]
[SourceDate "2020.10.23"]
[SourceVersion "1"]
[SourceVersionDate "2020.10.23"]
[SourceQuality "1"]

1. Nf3 Nf6 2. c4 g6 3. b3 Bg7 4. Bb2 0-0 5. g3 d6 6. d4 c6 7. Bg2 Nbd7 8. 0-0 Re8 9. Nc3 Qc7 10. e4 e5 11. Qc2 a5 12. Rad1 exd4 13. Nxd4 Nc5 14. Rfe1 Bg4 15. Rc1 Rad8 16. h3 Bc8 17. Rcd1 Nh5 18. Nde2 Bd7 19. g4 Nf6 20. Ng3 Re7 21. Qd2 Ne8 22. Nce2 b5 23. cxb5 cxb5 24. Bxg7 Kxg7 25. Nf4 Bc6 26. Qb2+ f6 27. a3 b4 28. axb4 axb4 29. Nd3 Nxd3 30. Rxd3 Qa7 31. Red1 Qa3 32. Qd4 Nc7 33. g5 Rf7 34. Ra1 Nb5 35. Rxa3 Nxd4 36. gxf6+ Kxf6 37. e5+ dxe5 38. Ra6 Rd6 39. Ne4+ Bxe4 40. Rxd6+ Ke7 41. R6xd4 exd4 42. Bxe4 Rf4 43. Rxd4 Ke6 44. Rxb4 Ke5 45. f3 g5 46. Kg2 h5 47. Rb5+ Kf6 48. Rf5+ Rxf5 49. Bxf5 Kxf5 50. b4 g4 51. fxg4+ hxg4 52. h4 1-0

[Event "Niederoesterreich Landesliga 1819"]
[Site "Austria"]
[Date "2019.03.17"]
[Round "10.2"]
[White "Pammer, Andreas"]
[Black "Scheffknecht, Philipp"]
[Result "1/2-1/2"]
[WhiteElo "2086"]
[BlackElo "2101"]
[PlyCount "49"]
[EventDate "2018.09.30"]
[EventType "team-tourn"]
[EventRounds "11"]
[EventCountry "AUT"]
[SourceTitle "CBM 189 Extra"]
[Source "ChessBase"]
[SourceDate "2019.06.03"]
[SourceVersion "1"]
[SourceVersionDate "2019.06.03"]
[SourceQuality "1"]
[WhiteTeam "Bisamberg/Korneuburg"]
[BlackTeam "Krems Voest"]
[WhiteTeamCountry "AUT"]
[BlackTeamCountry "AUT"]

1. c4 Nf6 2. Nc3 g6 3. e4 d6 4. d4 Bg7 5. h3 0-0 6. Bg5 h6 7. Be3 e5 8. d5 a5 9. Bd3 Na6 10. Nge2 Nd7 11. g4 Ndc5 12. Bc2 Nb4 13. Bb1 Bd7 14. a3 Nba6 15. Ng3 c6 16. 0-0 cxd5 17. Nxd5 a4 18. Bc2 b5 19. Qd2 Kh7 20. cxb5 Bxb5 21. Rfd1 Qh4 22. Kg2 Rab8 23. Nb4 Rfd8 24. Rab1 Nc7 25. Nd5 1/2-1/2

[Event "AUT-chT2O 1819"]
[Site "Austria"]
[Date "2018.10.07"]
[Round "2.6"]
[White "Stadler, Peter"]
[Black "Scheffknecht, Philipp"]
[Result "1/2-1/2"]
[WhiteElo "2056"]
[BlackElo "2101"]
[PlyCount "61"]
[EventDate "2018.10.06"]
[EventType "team-tourn"]
[EventRounds "11"]
[EventCountry "AUT"]
[SourceTitle "CBM 186 Extra"]
[Source "ChessBase"]
[SourceDate "2018.08.24"]
[SourceVersion "1"]
[SourceVersionDate "2018.08.24"]
[SourceQuality "1"]
[WhiteTeam "Hietzing"]
[BlackTeam "Wien Ottakring"]
[WhiteTeamCountry "AUT"]
[BlackTeamCountry "AUT"]

1. d4 Nf6 2. Nf3 e6 3. Bf4 b6 4. e3 Bb7 5. Nbd2 Be7 6. Bd3 Nh5 7. Bg3 d6 8. Qe2 Nd7 9. 0-0 c5 10. c3 Nxg3 11. hxg3 0-0 12. e4 cxd4 13. cxd4 Rc8 14. Rac1 Rc7 15. e5 Qc8 16. Rcd1 dxe5 17. dxe5 Nc5 18. Bb1 Ba6 19. Nc4 Nd7 20. b3 Rd8 21. Qe4 f5 22. exf6 Nxf6 23. Rxd8+ Bxd8 24. Qe3 Bxc4 25. bxc4 Rxc4 26. Ng5 Nd5 27. Qxe6+ Qxe6 28. Nxe6 Bf6 29. Re1 Nc3 30. Bc2 Rc8 31. Bb3 1/2-1/2

[Event "AUT-chT2O 1718"]
[Site "Austria"]
[Date "2018.01.14"]
[Round "7.3"]
[White "Scheffknecht, Philipp"]
[Black "Granditsch, Markus"]
[Result "1-0"]
[WhiteElo "2109"]
[BlackElo "2087"]
[PlyCount "69"]
[EventDate "2017.10.21"]
[EventType "team-tourn"]
[EventRounds "11"]
[EventCountry "AUT"]
[SourceTitle "EXT 2019"]
[Source "ChessBase"]
[SourceDate "2018.10.10"]
[SourceVersion "1"]
[SourceVersionDate "2018.10.10"]
[SourceQuality "1"]
[WhiteTeam "Ottakring II"]
[BlackTeam "Mostarrichi"]
[WhiteTeamCountry "AUT"]
[BlackTeamCountry "AUT"]

1. Nf3 Nf6 2. g3 g6 3. b3 Bg7 4. Bb2 c5 5. Bg2 0-0 6. c4 Nc6 7. 0-0 d6 8. d4 cxd4 9. Nxd4 Nxd4 10. Bxd4 Qc7 11. Nc3 a6 12. Rc1 Bd7 13. Bxf6 exf6 14. Ne4 Bc6 15. Qxd6 Qa5 16. Nxf6+ Bxf6 17. Qxf6 Bxg2 18. Kxg2 Qxa2 19. Qf3 Rfe8 20. Rfe1 Re7 21. Rcd1 Rae8 22. Rd6 Qa5 23. Red1 b5 24. c5 Qc7 25. b4 a5 26. bxa5 Qxc5 27. R1d5 Qa7 28. Rxb5 Rxe2 29. a6 R8e3 30. Qf6 Qa8+ 31. Rb7 Re7 32. Qf3 Qe8 33. Rdb6 R7e3 34. Rb8 Rxf3 35. Kxf3 1-0

[Event "AUT-chT2W 1516"]
[Site "Austria"]
[Date "2016.01.24"]
[Round "8.5"]
[White "Scheffknecht, Philipp"]
[Black "Neuschmied, Siegfried"]
[Result "0-1"]
[WhiteElo "2152"]
[BlackElo "2246"]
[PlyCount "120"]
[EventDate "2015.10.16"]
[EventType "team-tourn"]
[EventRounds "11"]
[EventCountry "AUT"]
[SourceTitle "CBM 170 Extra"]
[Source "ChessBase"]
[SourceDate "2016.02.25"]
[SourceVersion "1"]
[SourceVersionDate "2016.02.25"]
[SourceQuality "1"]
[WhiteTeam "Goetzis II"]
[BlackTeam "Kufstein/Woergl"]
[WhiteTeamCountry "AUT"]
[BlackTeamCountry "AUT"]

1. d4 Nf6 2. c4 g6 3. Nc3 Bg7 4. e4 d6 5. f3 0-0 6. Be3 c5 7. Nge2 Nc6 8. d5 Ne5 9. Ng3 e6 10. Be2 exd5 11. cxd5 a6 12. a4 h5 13. 0-0 Nh7 14. Qd2 Re8 15. Rac1 b6 16. Nh1 Ra7 17. Nf2 f5 18. b3 Nf7 19. Bd3 Qf6 20. Rc2 Rae7 21. f4 Bf8 22. a5 b5 23. e5 dxe5 24. Bxc5 e4 25. Bxe7 Qxe7 26. Ncxe4 fxe4 27. Bxe4 Qf6 28. Rc6 Bd6 29. g3 Nf8 30. Qc2 Bb7 31. Rb6 Re7 32. Bg2 Qd4 33. Rd1 Qe3 34. Kh1 Rc7 35. Qb2 Re7 36. Qc2 h4 37. Ne4 Bb4 38. Qd3 Qxd3 39. Rxd3 Bxa5 40. Rf6 Kg7 41. gxh4 Nh6 42. h5 Rxe4 43. Rxg6+ Nxg6 44. Bxe4 Nxf4 45. Rf3 Bc7 46. Kg1 Nxh5 47. h3 Nf6 48. Bf5 Bxd5 49. Rf1 Nxf5 50. Rxf5 Bxb3 51. Rg5+ Kh6 52. Rg2 Bd5 53. Rc2 Bb6+ 54. Kf1 b4 55. Ke2 b3 56. Rd2 a5 57. Kd3 a4 58. Rd1 a3 59. Kc3 Ne4+ 60. Kb4 Bc5+ 0-1

[Event "AUT-ch"]
[Site "Pinkafeld"]
[Date "2015.07.29"]
[Round "5"]
[White "Perndl, Johann"]
[Black "Scheffknecht, Philipp"]
[Result "1/2-1/2"]
[WhiteElo "2058"]
[BlackElo "2121"]
[PlyCount "89"]
[EventDate "2015.07.25"]
[EventType "swiss"]
[EventRounds "9"]
[EventCountry "AUT"]
[SourceTitle "CBM 167 Extra"]
[Source "ChessBase"]
[SourceDate "2015.09.14"]
[SourceVersion "1"]
[SourceVersionDate "2015.09.14"]
[SourceQuality "1"]

1. e4 d6 2. d4 Nf6 3. Nc3 g6 4. Nf3 Bg7 5. Bg5 c6 6. Qd2 Qa5 7. a3 Nbd7 8. Bc4 0-0 9. 0-0 Qc7 10. Bb3 e5 11. Rfe1 exd4 12. Nxd4 Nc5 13. Ba2 Re8 14. f3 Ne6 15. Be3 Nxd4 16. Bxd4 Be6 17. Rad1 Bxa2 18. Nxa2 Re6 19. Qf2 b5 20. b4 Qe7 21. Nc1 a5 22. Nd3 Qf8 23. Nf4 Ree8 24. e5 Nd5 25. Nxd5 cxd5 26. exd6 Rxe1+ 27. Rxe1 Qxd6 28. Bc5 Qf4 29. bxa5 Bc3 30. Rd1 Bxa5 31. Rxd5 Qc1+ 32. Qf1 Qxc2 33. Qxb5 Qc1+ 34. Qf1 Qc2 35. Qd1 Qa2 36. Bb4 Bb6+ 37. Kh1 Rc8 38. Rd2 Qe6 39. g3 Qe3 40. Kg2 h5 41. Re2 Qd4 42. Qe1 Kh7 43. Rd2 Qf6 44. Re2 Rc4 45. Qd1 1/2-1/2